MARC details
| 000 -LEADER |
| campo de control de longitud fija |
01953nkc a2200301za 4500 |
| 001 - NÚMERO DE CONTROL |
| campo de control |
84584 |
| 003 - IDENTIFICADOR DE NÚMERO DE CONTROL |
| campo de control |
OSt |
| 005 - FECHA Y HORA DE LA ÚLTIMA TRANSACCIÓN |
| campo de control |
20260423160606.0 |
| 007 - CAMPO FIJO DE DESCRIPCIÓN FÍSICA--INFORMACIÓN GENERAL |
| campo de control de longitud fija |
kh boc |
| 008 - DATOS DE LONGITUD FIJA--INFORMACIÓN GENERAL |
| campo de control de longitud fija |
250410s1909 sp ||||| ||||||0| i|spa d |
| 040 ## - FUENTE DE CATALOGACIÓN |
| Centro/agencia transcriptor |
M-RABA |
| Centro catalogador/agencia de origen |
M-RABA |
| Lengua de catalogación |
spa |
| 245 00 - MENCIÓN DEL TÍTULO |
| Título |
Alegoría del nacimiento del infante heredero del Trono |
| Medio |
[Material gráfico] |
| Mención de responsabilidad, etc. |
/ Cosme Velázquez |
| 246 ## - FORMA VARIANTE DEL TITULO |
| Título propio/Titulo breve |
Alegoría del nacimiento del infante Carlos Eusebio |
| 260 ## - PUBLICACIÓN, DISTRIBUCIÓN, ETC. |
| Nombre del editor, distribuidor, etc. |
[Hauser y Menet] |
| Fecha de publicación, distribución, etc. |
, [ca. 1909] |
| 300 ## - DESCRIPCIÓN FÍSICA |
| Extensión |
1 fotografía |
| Otras características físicas |
: gelatina de plata |
| Dimensiones |
; imagen 19,5 x 11 cm |
| -- |
; soporte secundario 30 x 24 cm |
| 500 ## - NOTA GENERAL |
| Nota general |
Fotografía del relieve "Alegoría del nacimiento del infante Carlos Eusebio", presentada al concurso trienal de premios de 1781. Se sabe que Velázquez obtuvo el primer premio y que se presentaron también Martín Gutiérrez y José Rodríguez Díaz. La Academia solo conserva este relieve con nº de inventario E-1781 y no se ha podido averiguar a cuál de los tres pertenece. |
| 500 ## - NOTA GENERAL |
| Nota general |
Montada sobre un soporte secundario de cartón, con texto manuscrito a lápiz en la parte inferior al recto: "Alegoría del nacimiento del infante heredero del Trono. 1781-1ª clase. 1º premio D. Cosme Velázquez. 2º id. Martín Gutiérrez José Rodríguez". Nota manuscrita al verso a lápiz: "1781". |
| 500 ## - NOTA GENERAL |
| Nota general |
Fecha probable de la realización de la fotografía realizada por Hauser y Menet.<br/><br/> |
| 544 ## - NOTA DE LOCALIZACIÓN DE MATERIALES DE ARCHIVO RELACIONADOS |
| Depositario(custodio) |
Archivo de la Real Academia de Bellas Artes de San Fernando (Le-4-29-1) |
| 600 10 - PUNTO DE ACCESO ADICIONAL DE MATERIA--NOMBRE DE PERSONA |
| Nombre de persona |
Velázquez, Cosme |
| Fechas asociadas al nombre |
(1755-1837) |
| 9 (RLIN) |
111691 |
| 610 24 - PUNTO DE ACCESO ADICIONAL DE MATERIA--NOMBRE DE ENTIDAD CORPORATIVA |
| Nombre de entidad corporativa o nombre de jurisdicción como elemento de entrada |
Real Academia de Bellas Artes de San Fernando. |
| 9 (RLIN) |
75832 |
| 651 #7 - PUNTO DE ACCESO ADICIONAL DE MATERIA--NOMBRE GEOGRÁFICO |
| Nombre geográfico |
Madrid |
| Fuente del encabezamiento o término |
embne |
| 9 (RLIN) |
75182 |
| 655 #7 - TERMINO DE INDIZACIÓN--GENERO/FORMA |
| Datos o término principal de género/forma |
Fotografías de obras de arte |
| 9 (RLIN) |
75675 |
| 710 2# - ENTRADA AGREGADA--NOMBRE DE ENTIDAD CORPORATIVA |
| Nombre de entidad corporativa o nombre de jurisdicción como elemento de entrada |
Hauser y Menet (Madrid) |
| 9 (RLIN) |
50978 |
| 852 ## - LOCALIZACIÓN |
| Número de control de estantería |
Fot-610 |
| 856 ## - LOCALIZACIÓN Y ACCESO ELECTRÓNICOS |
| Materiales especificados |
Fot-610 |
| Identificador Uniforme de Recurso |
<a href="https://archivoybiblioteca.realacademiabellasartessanfernando.com/cgi-bin/koha/opac-retrieve-file.pl?id=8a527c7911b6f2c7e49705c890779074">https://archivoybiblioteca.realacademiabellasartessanfernando.com/cgi-bin/koha/opac-retrieve-file.pl?id=8a527c7911b6f2c7e49705c890779074</a> |
| 942 ## - ELEMENTOS DE ENTRADA SECUNDARIOS (KOHA) |
| Fuente de la clasificación o esquema de estantería |
Clasificación Decimal Dewey |
| Tipo de ítem Koha |
Fotografías |
| Suprimir en OPAC |
No |